000 00588nam a2200217 i 4500
001 10948
003 ES-MaACL
005 20230906150009.0
007 t|
008 900619s1988 sp ||||0| gao j ..|
015 _a1990-MAY-10756
016 7 _zSAB9000084109
020 _a84-7505-314-X
040 _aM-BN-DP
_bspa
_cM-BN-DP
080 _a869.9-14"19"
100 1 _aFonte, Ramiro.
_951634
245 1 0 _aPasa un segredo /
_cRamiro Fonte.
260 _aVigo :
_bEdicións Xerais de Galicia,
_cD.L. 1988.
300 _a108 p ;
_c21 cm.
852 _aES-MaACL
_jL-18280
_bR.121963
999 _c10948
_d10948